000 00401nam a2200157 a 4500
082 0 0 _a297.2
_bTAI
100 _aIbn Taimyia, Abdul Haleem
245 _aAl-Jawab as Shahih.
260 _aEgypt
_bMaktaba-E-ilmia
_c1905
300 _a336p
500 _aincludes index and biblioraphy
505 2 _a3 vols. bound together
650 _aIslam-Doctrines
700 1 _aIbn Taimyia, Abdul Haleem
942 _cBK
999 _c594
_d594